000 01288nam0a22003131 4500
001 rc\3148752
005 20120615102710.1
021 _aRU
_b[75-104831]
035 _a(NLR Aleph) 007321106
090 _a5910750
_c5910750
100 _a20120615d1975 |||y0rusy50 ca
101 0 _arus
102 _aRU
105 _aa z |||||
200 1 _aНаучная организация и дисциплина труда
_fВ.П. Радукин, В.А. Шабалина
_gПод ред. канд. экон. наук К.Ф. Ойнера
210 _aМосква
_cМашиностроение
_d1975
215 _a48 с.
_cил.
_d20
225 1 _aОсновы экономических знаний для рабочих
_v11
320 _aБиблиогр.: с. 48
606 _aТрудовая дисциплина в машиностроительной промышленности
_2psbo
606 _aМашиностроение
_xОрганизация труда
_2psbo
700 1 _aРадукин
_bВ. П.
_gВиктор Павлович
701 1 _aШабалина
_bВ. А.
_gВалентина Андреевна
702 1 _aОйнер
_bК. Ф.
_4340
801 0 _aRU
_bNLR
_gpsbo
801 1 _aRU
_bELAR
_2rusmarc
852 _aNLR
_j76-4/11204
942 _cBOOK
980 _aNB